000 00512nam a2200181Ia 4500
999 _c34988
_d34988
003 OSt
005 20200203131020.0
008 190216s9999||||xx |||||||||||||| ||und||
020 _a9789351265238
040 _coclc
082 _a320.956
_bQAR/I
100 _aQaradawi, Yusuful
_91792
245 0 _aIslaminte Rashtreeyam /
_cYusuful Qaradawi
260 _bVicharam Books,
_c2013.
_aThrissur:
300 _a287p
650 _aPolitics
942 _cBK
_2ddc
_h320.956
_iQAR/I
_k320.956
_mQAR/I